000 002310000a22000970004500
100 1 _aMcKaughan, Paul
245 1 0 _aTalk! Talk! Talk!
300 _aVol. 15, Núm 50 (1988), Páginas 18
773 0 _tWorld Evangelization
942 _cANA
999 _c58108
_d58108